Statistiken für Alle Ausfahrten der Brenner-Autobahn (A13)

Klicken Sie hier um das Quiz zu spielen!

Allgemein

  • Dieses Quiz wurde 57 mal gespielt
  • Das Durchschnittsergebnis liegt bei 6 aus 9

Antwortstatistiken

kmBz.Ausfahrt% Korrekt
2,7ILInnsbruck
100%
0,0IInnsbruck-Amras
100%
3,1ILInnsbruck-Süd
100%
33,3ILBrenner-Nord
78%
19,2ILMatrei / Steinach
78%
9,9ILSchönberg
67%
6,9ILPatsch / Igls
50%
26,8ILNößlach
33%
4,7IZenzenhof
28%

Verteilung der Resultate

Perzentil nach korrekt beantworteten Fragen

Anzahl Personen mit jedem Resultat

Ihre Resultats-Entwicklung

Sie haben dieses Quiz noch nicht gespielt